Padārtharatnamañjūṣā. (Record no. 64679)
[ view plain ]
| 000 -LEADER | |
|---|---|
| fixed length control field | 00682cam a22002411 4500 |
| 001 - CONTROL NUMBER | |
| control field | sa 65006489 |
| 003 - CONTROL NUMBER IDENTIFIER | |
| control field | DLC |
| 005 - DATE AND TIME OF LATEST TRANSACTION | |
| control field | 20260227112142.0 |
| 008 - FIXED-LENGTH DATA ELEMENTS--GENERAL INFORMATION | |
| fixed length control field | 890807s1963 ii h 000 0 sano |
| 010 ## - LIBRARY OF CONGRESS CONTROL NUMBER | |
| LC control number | sa 65006489 |
| 035 ## - SYSTEM CONTROL NUMBER | |
| System control number | (OCoLC)20138967 |
| 040 ## - CATALOGING SOURCE | |
| Original cataloging agency | DLC |
| Transcribing agency | WaU |
| Modifying agency | DLC |
| 042 ## - AUTHENTICATION CODE | |
| Authentication code | premarc |
| 050 00 - LIBRARY OF CONGRESS CALL NUMBER | |
| Classification number | PK3798.K7185 |
| Item number | P3 1963 |
| 100 0# - MAIN ENTRY--PERSONAL NAME | |
| Personal name | Kṛṣṇabhaṭṭa, |
| Dates associated with a name | active 14th century. |
| 245 10 - TITLE STATEMENT | |
| Title | Padārtharatnamañjūṣā. |
| 260 ## - PUBLICATION, DISTRIBUTION, ETC. | |
| Date of publication, distribution, etc. | 1963. |
| 300 ## - PHYSICAL DESCRIPTION | |
| Extent | 7, 48 p. |
| Other physical details | facsim. |
| Dimensions | 24 cm. |
| 440 #0 - SERIES STATEMENT/ADDED ENTRY--TITLE | |
| Title | Rājasthāna puratana granthamālā ; |
| Volume/sequential designation | no. 38 |
| 500 ## - GENERAL NOTE | |
| General note | In Sanskrit; introd. in Hindi. |
| 650 #0 - SUBJECT ADDED ENTRY--TOPICAL TERM | |
| Topical term or geographic name entry element | Vaiśeṣika |
| Form subdivision | Poetry. |
| 700 0# - ADDED ENTRY--PERSONAL NAME | |
| Personal name | Jinavijaya, |
| Titles and other words associated with a name | Muni. |
No items available.